000 02531cam a22005294i 4500
003 PE-LiUPU
005 20250731180136.0
008 150625s r 000 0 d
020 _a8484760146
035 _a(Sirsi) i9788484760146
040 _aPE-LiUPU
_bspa
_cPE-LiUPU
_erda
049 _aPRUA
082 0 4 _a574.5
_bB94
_221
100 1 _aBurel, Francoise ,
_eautor.
245 1 0 _aEcología del paisaje :
_bconceptos, métodos y aplicaciones /
_cFrançoise Burel, Jacques Baudry ; ilustraciones, Yannic Le Flem ; fotografías, Jacques Baudry ; prefacio, R.T.T. Forman ; versión española de Susana Suárez Seoane.
264 1 _aMadrid :
_bMundi-Prensa,
_c2002.
300 _a353 páginas :
_bilustraciones, gráf. ;
_c24 centímetros
336 _atext
_2rdacontent
337 _aunmediated
_2rdamedia
338 _avolume
_2rdacarrier
504 _aIncluye bibliografía.
505 0 _aPrólogo a la edición francesa: de los paisajes del pasado a los paisajes humanizados actuales. -Definición de una disciplina. -Ecología del paisaje: definición de una aproximación pluridisciplinar. -El paisaje: estructura y dinámica. -Análisis de las estructuras espaciales. -Dinámica del paisaje. -Organización del paisaje. -Procesos ecológicos en el paisaje. -Funcionamiento de las poblaciones en el paisaje. -Relaciones interespecíficas y biodiversidad en el paisaje. -Flujos geoquímicos del paisaje. -Aplicaciones a la ordenación territorial. -Aplicación de los conceptos de ecología del paisaje a la ordenación y la gestión del territorio. .
526 _aSEG44
526 _aSEG26
526 _aP159
526 _aP155
526 _aP154
526 _aP153
526 _aP150
526 _aP100
526 _aP31
526 _aP30
526 _aP26
526 _aP25
526 _aP24
526 _aP22
526 _aP15
526 _aP10
541 _g001-0028396;
650 0 4 _aEcología del paisaje.
700 1 _aBaudri, Jacques,
_eautor.
942 _2ddc
_cBOOK
949 _a574.5 B94
_wDEWEY
_c1
_i58323
_d2016-11-29
_e2016-11-24
_lCCODEBUL1
_mBUL
_n5
_p65.00
_r0
_sY
_tBOOK
_u2015-6-25
_xINGENIERIA
_PP24
_0COMPRA
_o.STAFF. Colección General
994 _aC0
_bPEPRU
596 _a1
999 _a574.5 B94
_wDEWEY
_c47268
_i58323
_d47268
_e2018-10-15
_f2021-11-9
_g7
_lCCODEBUL1
_mBUL
_n9
_p65.00
_r0
_sY
_tBOOK
_u2015-6-25
_xINGENIERIA
_PP24
_0COMPRA
_o.STAFF. Colección General
980 _81
_gALBERTO SANCHEZ Responsable de Automatización